Elche CF Squad 2022-2023 - Statistics

General Stats
  • This quiz has been taken 104 times
    61 since last reset
  • The average score is 21 of 36
Answer Stats
# Position Nation Player % Correct
9 FW Argentina Lucas Boyé
88%
10 FW Spain Pere Milla
88%
13 GK Spain Édgar Badía
83%
3 DF Chile Enzo Roco
79%
14 DF Colombia Helibelton Palacios
75%
8 MF Spain Raúl Guti
75%
1 GK Argentina Axel Werner
71%
- Coach Spain Francisco Rodríguez
67%
20 MF Spain Gerard Gumbau
67%
5 DF Spain Gonzalo Verdú
67%
11 FW Spain Tete Morente
67%
4 DF Spain Diego González
63%
19 FW Argentina Ezequiel Ponce
63%
40 DF Spain José Ángel Carmona
63%
21 MF Equatorial Guinea Omar Mascarell
63%
6 DF Spain Pedro Bigas
63%
- Coach Argentina Sebastián Beccacece
63%
16 FW Spain Fidel Chaves
58%
- Coach Spain Pablo Machín
58%
23 DF Spain Carlos Clerc
54%
2 DF Argentina Federico Fernández
54%
17 FW Spain Josan
54%
7 DF Argentina Lisandro Magallán
54%
18 MF Angola Randy Nteka
54%
18 FW Spain Roger Martí
54%
12 MF Portugal Domingos Quina
50%
15 MF Spain Álex Collado
46%
7 MF Argentina Javier Pastore
46%
2 DF Argentina Lautaro Blanco
46%
22 DF Argentina Nicolás Fernández Mercau
46%
- Coach Argentina Jorge Almirón
42%
26 DF Spain John Donald
33%
12 MF Senegal Pape Cheikh Diop
33%
24 DF Spain Pol Lirola
33%
- Coach Spain Alberto Gallego
21%
- Coach Spain Sergio Mantecón
17%
No matching quizzes found
Score Distribution
Percent of People with Each Score
Percentile by Number Answered
Your Score History
You have not taken this quiz since the last reset